<?xml version="1.0" encoding="UTF-8"?>
<record
    xmlns:xsi="http://www.w3.org/2001/XMLSchema-instance"
    xsi:schemaLocation="http://www.loc.gov/MARC21/slim http://www.loc.gov/standards/marcxml/schema/MARC21slim.xsd"
    xmlns="http://www.loc.gov/MARC21/slim">

  <leader>01637nam a2200421 a 4500</leader>
  <controlfield tag="001">000013886</controlfield>
  <controlfield tag="003">DO-SdBPM</controlfield>
  <controlfield tag="005">20250623095907.0</controlfield>
  <controlfield tag="007">ta</controlfield>
  <controlfield tag="008">091201s2009    dr            001 0 spa d</controlfield>
  <datafield tag="020" ind1=" " ind2=" ">
    <subfield code="a">9789945423112</subfield>
  </datafield>
  <datafield tag="040" ind1=" " ind2=" ">
    <subfield code="a">DO-SdBPM</subfield>
    <subfield code="b">spa</subfield>
    <subfield code="c">BPMSU</subfield>
    <subfield code="e">rda</subfield>
  </datafield>
  <datafield tag="082" ind1=" " ind2="4">
    <subfield code="a">RD864.44</subfield>
    <subfield code="b">M463H 2009</subfield>
    <subfield code="2">22</subfield>
  </datafield>
  <datafield tag="100" ind1="1" ind2=" ">
    <subfield code="4">Henr&#xED;quez Ure&#xF1;a, Max</subfield>
    <subfield code="c">1885 -1968</subfield>
  </datafield>
  <datafield tag="245" ind1="1" ind2="0">
    <subfield code="a">Max Henr&#xED;quez Ure&#xF1;a en el List&#xED;n Diario 1963 - 1965 /</subfield>
    <subfield code="c">Max Henr&#xED;quez Ure&#xF1;a ; compilador Di&#xF3;genes C&#xE9;spedes.</subfield>
  </datafield>
  <datafield tag="260" ind1=" " ind2=" ">
    <subfield code="b"> </subfield>
    <subfield code="c"> </subfield>
  </datafield>
  <datafield tag="264" ind1=" " ind2=" ">
    <subfield code="a">Santo Domingo :</subfield>
    <subfield code="b">Universidad APEC,</subfield>
    <subfield code="c">2009</subfield>
  </datafield>
  <datafield tag="300" ind1=" " ind2=" ">
    <subfield code="a"> xxxviii, 735, 1 p&#xE1;ginas sin numerar :</subfield>
    <subfield code="b">lustraciones ;</subfield>
    <subfield code="c">24 cm. </subfield>
  </datafield>
  <datafield tag="336" ind1=" " ind2=" ">
    <subfield code="a">texto </subfield>
    <subfield code="b">txt</subfield>
    <subfield code="2">rdacontent </subfield>
  </datafield>
  <datafield tag="337" ind1=" " ind2=" ">
    <subfield code="a">sin mediaci&#xF3;n </subfield>
    <subfield code="b">n</subfield>
    <subfield code="2">rdamedia </subfield>
  </datafield>
  <datafield tag="338" ind1=" " ind2=" ">
    <subfield code="a">volumen </subfield>
    <subfield code="b">nc</subfield>
    <subfield code="2">rdacarrier </subfield>
  </datafield>
  <datafield tag="500" ind1=" " ind2=" ">
    <subfield code="a">Incluye &#xED;ndice</subfield>
  </datafield>
  <datafield tag="500" ind1=" " ind2=" ">
    <subfield code="a">Incluye datos biogr&#xE1;ficos de Max Henr&#xED;quez Ure&#xF1;a en la solapa de la cubierta </subfield>
  </datafield>
  <datafield tag="500" ind1=" " ind2=" ">
    <subfield code="a">Incluye referencias bibliogr&#xE1;ficas y notas al pie de las p&#xE1;ginas</subfield>
  </datafield>
  <datafield tag="505" ind1="0" ind2=" ">
    <subfield code="a">v.1 : Desde mi butaca </subfield>
  </datafield>
  <datafield tag="590" ind1=" " ind2=" ">
    <subfield code="6">Inventariado, 2025/VM</subfield>
  </datafield>
  <datafield tag="600" ind1="1" ind2="4">
    <subfield code="a">Henr&#xED;quez Ure&#xF1;a, Max </subfield>
    <subfield code="d">1885 -1968</subfield>
    <subfield code="x">Art&#xED;culos de prensa </subfield>
  </datafield>
  <datafield tag="650" ind1=" " ind2="7">
    <subfield code="a">Ensayos dominicanos </subfield>
  </datafield>
  <datafield tag="650" ind1=" " ind2="7">
    <subfield code="a">Rep&#xFA;blica Dominicana </subfield>
    <subfield code="x">Historia </subfield>
    <subfield code="x">Colecciones de escritos </subfield>
  </datafield>
  <datafield tag="650" ind1=" " ind2="4">
    <subfield code="a">Rep&#xFA;blica Dominicana </subfield>
    <subfield code="x">Vida social y costumbres </subfield>
  </datafield>
  <datafield tag="651" ind1=" " ind2="4">
    <subfield code="a">Rep&#xFA;blica Dominicana </subfield>
    <subfield code="x">Pol&#xED;tica y gobierno </subfield>
    <subfield code="y">1961-</subfield>
  </datafield>
  <datafield tag="700" ind1="1" ind2=" ">
    <subfield code="a">C&#xE9;spedes, Di&#xF3;genes</subfield>
    <subfield code="e">editor </subfield>
  </datafield>
  <datafield tag="730" ind1=" " ind2="0">
    <subfield code="a">List&#xED;n Diario.</subfield>
  </datafield>
  <datafield tag="830" ind1=" " ind2="0">
    <subfield code="a">Biblioteca Nacional Pedro Henr&#xED;quez Ure&#xF1;a</subfield>
    <subfield code="p">Periodismo</subfield>
    <subfield code="n">2</subfield>
  </datafield>
  <datafield tag="910" ind1=" " ind2=" ">
    <subfield code="a">VMateo V. Control de calidad. BPMSU </subfield>
  </datafield>
  <datafield tag="942" ind1=" " ind2=" ">
    <subfield code="2">ddc</subfield>
    <subfield code="c">BK</subfield>
  </datafield>
  <datafield tag="945" ind1=" " ind2=" ">
    <subfield code="a"> </subfield>
  </datafield>
  <datafield tag="952" ind1=" " ind2=" ">
    <subfield code="0">0</subfield>
    <subfield code="1">0</subfield>
    <subfield code="2">ddc</subfield>
    <subfield code="7">0</subfield>
    <subfield code="8">CD</subfield>
    <subfield code="a">BPMET</subfield>
    <subfield code="b">BPMET</subfield>
    <subfield code="d">2025-06-23</subfield>
    <subfield code="l">0</subfield>
    <subfield code="o">BPMSU CD RD864.44 M463H 2009</subfield>
    <subfield code="p">BPMSU25060086</subfield>
    <subfield code="r">2025-06-23</subfield>
    <subfield code="t">v.1</subfield>
    <subfield code="w">2025-06-23</subfield>
    <subfield code="y">BK</subfield>
  </datafield>
  <datafield tag="999" ind1=" " ind2=" ">
    <subfield code="c">15193</subfield>
    <subfield code="d">15193</subfield>
  </datafield>
</record>
